000 00392nam a2200145Ia 4500
008 240624s9999 xx 000 0 und d
041 _aeng
082 _a332.63 LEI
100 _aLEIBOWITZ MARTIN L
245 _aINSIDE THE YIELD BOOK THE CLASSIC THAT C
250 _a(3rd ed.)
260 _c2013
_aNew Jersey
_bWiley/Bloomberg Press
300 _axi, : 356 : p. : cm. ; 23
365 _c
_b28
999 _c23572
_d23572